ARRUPE JESUIT UNIVERSITY

CORONAVIRUS -STOP THE SPREAD - CLEAN,DISINFECT,COVER

The Future of East Africa (Record no. 121500)

MARC details
000 -LEADER
fixed length control field 00571nam a22001457a 4500
008 - FIXED-LENGTH DATA ELEMENTS--GENERAL INFORMATION
fixed length control field 141211b xxu||||| |||| 00| 0 eng d
050 ## - LIBRARY OF CONGRESS CALL NUMBER
Classification number SPC JQ2945.A55 1961
100 ## - MAIN ENTRY--PERSONAL NAME
Personal name Great Britain, Colonial Office
9 (RLIN) 13406
245 ## - TITLE STATEMENT
Title The Future of East Africa
Remainder of title a summary of the report of the royal commission with an index to the report
Statement of responsibility, etc Great Britain, Colonial Office
260 ## - PUBLICATION, DISTRIBUTION, ETC. (IMPRINT)
Place of publication, distribution, etc London
Name of publisher, distributor, etc The Africa Bureau
Date of publication, distribution, etc 1961
300 ## - PHYSICAL DESCRIPTION
Extent 47p. ;
Dimensions 22cm.
650 ## - SUBJECT ADDED ENTRY--TOPICAL TERM
Topical term or geographic name as entry element High Commission
General subdivision East Africa
9 (RLIN) 13407
650 ## - SUBJECT ADDED ENTRY--TOPICAL TERM
Topical term or geographic name as entry element Common Services Organization
General subdivision East Africa
9 (RLIN) 13408
942 ## - ADDED ENTRY ELEMENTS (KOHA)
Source of classification or shelving scheme Library of Congress Classification
Item type SPC
Holdings
Withdrawn status Lost status Source of classification or shelving scheme Damaged status Not for loan Collection code Home library Current library Shelving location Date acquired Total Checkouts Full call number Barcode Date last seen Price effective from Koha item type
    Library of Congress Classification     SPECIAL Collection ARRUPE LIBRARY ARRUPE LIBRARY Main Collection 11/12/2014   SPC JQ2945.A55 1961 46500003446 11/12/2014 11/12/2014 SPC

 

Arrupe Library. PO Box MP320 Mt Pleasant, Harare, Zimbabwe
263 242 745411|librarian@aju.ac.zw